000 00444pab a2200169 454500
008 180718b2004 xxu||||| |||| 00| 0 eng d
100 _aDesai, Manisha
245 _aGender, health and globalization: a critical social movement perspective
260 _c2004
300 _ap.36.42.
362 _aJun
650 _aGlobalization
650 _aHealth services
650 _aWomens health services
773 _aDevelopment
909 _a61847
999 _c61847
_d61847